| 000 | 00344nam a2200133Ia 4500 | ||
|---|---|---|---|
| 005 | 20251222144649.0 | ||
| 008 | 251222s9999||||xx |||||||||||||| ||spa|| | ||
| 020 | _a950-550-300-8 | ||
| 082 | _a371.9/D12 | ||
| 100 | _aDadamia, Oscar Miguel | ||
| 245 | 0 | _aLo Especial de la Educación | |
| 264 | _bMagisterio del Río de la Plata | ||
| 942 | _cLIB | ||
| 999 |
_c16991 _d16991 |
||